College Quizbowl Stats
College Quizbowl Stats
Circuits
Seasons
Sets
Records
Detailed Stats
About
Loading...
2024 ACF Winter at Brandeis
Tossups
Bonuses
Players
Teams
Categories (Tossup)
Categories (Bonus)
Sovannjet Lim
MIT A
Categories
Category
Powers
Gets
Negs
BBs
Points
Earliest Buzz
Avg. Buzz
First Buzzes
Top 3 Buzzes
History - American History
0
1
0
1
10
96
96.00
0
0
Science - Biology
0
1
1
0
5
87
87.00
0
0
Science - Chemistry
0
0
2
0
-10
0.00
0
0
Social Science
0
0
2
0
-10
0.00
0
0
Buzzes
Category
Answer
Value
Buzz Position
Social Science
tones
-5
37
Science - Chemistry
copper
-5
67
Science - Biology
stem cells
-5
80
Social Science
pragmatics
-5
84
Science - Biology
DNA sequencing
10
87
History - American History
Massachusetts
10
96
Science - Chemistry
mixing
-5
118
Previous
1
Next